| LEADER 01174nam 2200277 a 4500 |
| 001 13399123127 |
| 003 ULIBM |
| 008 030417s2552 bkka sb 001 0 tha |
| 020 ^a9789744664143 |
| 050 4 ^a NA2500^bส680 2552 |
| 100 0 ^aสันติรักษ์ ประเสริฐสุข |
| 245 ^aสุนทรียศาสตร์และทฤษฎีสถาปัตยกรรมตะวันตก จากคลาสสิคถึงดีคอนสตรัคชัน =^bAesthetics and Theory of Western Architecture From Classic Deconstruction /^cผู้ช่วยศาสตราจารย์ สันติรักษ์ ประเสริฐสุข. |
| 260 ^aปทุมธานี :^bโรงพิมพ์มหาวิทยาลัยธรรมศาสตร์,^c2552 |
| 500 ^aอภินันทนาการโดยอ.สันติรักษ์ |
| 650 4 ^aทฤษฎีสถาปัตยกรรมก่อนคริสต์ศตวรรษที่ 20. |
| 650 4 ^aทฤษฎีสถาปัตยกรรมโมเดิร์น. |
| 650 4 ^aทฤษฎีสถาปัตยกรรมคริสต์ศตวรรษที่ 21. |
| 650 4 ^aสุนทรียศาสตร์ |
| 650 4 ^aทฤษฎีสถาปัตยกรรม. |
| 650 4 ^aสถาปัตยกรรมตะวันตก. |
| 913 ^aImported by ULIBM Administrator |
| 949 ^aImport form external file by ULIBM system |
| 999 ^a250 |